Geological Prospecting and Exploration / (Record no. 7638)
[ view plain ]
| 000 -LEADER | |
|---|---|
| fixed length control field | 00658nam a22002417a 4500 |
| 001 - CONTROL NUMBER | |
| JCCL Control Number | 7638 |
| 003 - CONTROL NUMBER IDENTIFIER | |
| JCCL marc code | BD-JhCC |
| 005 - DATE AND TIME OF LATEST TRANSACTION | |
| control field | 20180212170944.0 |
| 008 - FIXED-LENGTH DATA ELEMENTS--GENERAL INFORMATION | |
| fixed length control field | 180212s1968 ru ab||| |||| 00| 0 eng d |
| 035 ## - SYSTEM CONTROL NUMBER | |
| system control number | (BD-JhCC)7638 |
| 040 ## - CATALOGING SOURCE | |
| Original cataloging agency | BD-JhCC |
| Modifying agency | BD-JhCC |
| 041 ## - LANGUAGE CODE | |
| Language code of Book | eng |
| 082 ## - DEWEY DECIMAL CLASSIFICATION NUMBER | |
| Classification number | 622.1 |
| Author mark and Year | KRE 1968 |
| 100 ## - MAIN ENTRY--PERSONAL NAME | |
| Personal name | Kreiter, V. M. |
| 245 ## - TITLE STATEMENT | |
| Title | Geological Prospecting and Exploration / |
| Statement of responsibility, etc | V. M. Kreiter Translated By Alexander Gurevich |
| 260 ## - PUBLICATION, DISTRIBUTION, ETC. (IMPRINT) | |
| Place of publication, distribution, etc | Moscow : |
| Name of publisher, distributor, etc | Mir Publishers, |
| Date of publication, distribution, etc | 1968. |
| 300 ## - PHYSICAL DESCRIPTION | |
| Pagination | 383 p. : |
| Other physical details | ill.; |
| Dimensions | 22.5 cm. |
| 504 ## - BIBLIOGRAPHY, ETC. NOTE | |
| Bibliography, etc | Includes Index |
| 650 ## - SUBJECT ADDED ENTRY--TOPICAL TERM | |
| Topical term or geographic name as entry element | Prospecting |
| 650 ## - SUBJECT ADDED ENTRY--TOPICAL TERM | |
| Topical term or geographic name as entry element | Geology |
| 700 ## - ADDED ENTRY--PERSONAL NAME | |
| Personal name | Gurevich, Alexander |
| 942 ## - ADDED ENTRY ELEMENTS (KOHA) | |
| Source of classification or shelving scheme | Dewey Decimal Classification |
| Koha item type | Books |
| Source of classification or shelving scheme | Damaged status | Not for loan | Home library | Current library | Shelving location | Date of accession | Total Checkouts | Full call number | Barcode | Date last seen | Copy number | Koha item type |
|---|---|---|---|---|---|---|---|---|---|---|---|---|
| Dewey Decimal Classification | JCC Rouf Library | JCC Rouf Library | General Stacks | 02/12/2018 | 622.1 KRE 1968 | 10183 | 02/12/2018 | C-1 | Books |